Fantasmas necesarios. Novela para tímidos

Uloženo v:
Podrobná bibliografie
Hlavní autor: Tejeda, Juan (Autor)
Médium: Kniha
Jazyk:španělština
Vydáno: Santiago Nascimento 1949
Vydání:1a. ed
Témata:
Tagy: Přidat tag
Žádné tagy, Buďte první, kdo vytvoří štítek k tomuto záznamu!

MARC

LEADER 00000nam a2200000 a 4500
001 UCJ3337
003 CL-VaPUC
008 070124e19490000CL |||||||||||||||||spa|d
082 0 4 |a Ch863  |b TEJ  |2 21 
100 0 |a Tejeda, Juan  |e author  |9 505109 
245 1 0 |a Fantasmas necesarios. Novela para tímidos 
250 |a 1a. ed 
300 |a 162 p 
942 |c BK 
945 |d 20070124 00:00:00  |a rinostro 
260 |a Santiago  |b Nascimento  |c 1949 
650 0 |a Novela chilena   |9 307631 
583 |a last modification  |c 20070124 00:00:00  |k Rodrigo Vera 
999 |c 319459  |d 319457 
952 |0 0  |1 0  |4 0  |6 CH_863_000000000000000_TEJ_1949  |7 0  |8 X  |9 397786  |a FDOBUD  |b FDOBUD  |d 2019-11-22  |i 1003003  |o Ch863 TEJ 1949  |p 1003003  |r 2019-11-22  |w 2019-11-22  |y BK_X  |k BUD